00912nam a2200217 a 450000100100000000500170001000800410002704000250006808200150009310000410010824501120014924600280026126000300028930000280031949000110034759000750035870000400043383000180047395201860049199900170067700003503520200930074048.0111024s1957 sp a 000 0 spa d aDO-SdBNPbspacBNPHU axxxbD238t1 aDaudet, Alphonse,d1840-1897.91377710aTartarín de tarascón - Tartarín en los Alpes /cAlphonse Daudet ; traducción Antonio G. de Linares.11aTartarín en los Alpes aMadrid :bAguliar,c1957. a484 p. :bil. ;c13 cm.1 aCrisol aPerteneció a la biblioteca personal de Juan Isidro Jimenes Grullón1 aLinares, Antonio G. de,etr.960668 0aCrisol960669 001050718RVaGRbGRcCTd2011-10-24iLF1l0oxxx D238tp35035-10r2020-06-25w2020-06-25y1zPerteneció a la biblioteca personal de Juan Isidro Jimenes- GrullónZNo se presta c34526d34526